Powiaty w Mazowieckim - Statystyki

Ogólne statystyki
  • Ten quiz został rozwiązany 53 razy
  • Średni wynik to 21 z 38
Statystyki odpowiedzi
Powiaty % Poprawnych
Warszawa
86%
Radom
82%
Płock
78%
radomski
78%
siedlecki
76%
ostrołęcki
73%
płocki
73%
Siedlce
73%
ciechanowski
69%
otwocki
63%
płoński
63%
piaseczyński
61%
pruszkowski
61%
grójecki
59%
Ostrołęka
59%
wołomiński
59%
wyszkowski
57%
nowodworski
55%
żyrardowski
55%
miński
53%
mławski
53%
przasnyski
53%
pułtuski
53%
sochaczewski
53%
warszawski zachodni
53%
białobrzeski
49%
żuromiński
49%
ostrowski
45%
gostyniński
43%
makowski
43%
sierpecki
43%
sokołowski
43%
węgrowski
41%
zwoleński
41%
przysuski
39%
lipski
33%
szydłowiecki
33%
łosicki
31%
Nie znaleziono quizów pasujących do podanych kryteriów
Rozkład punktacji
Procent ludzi z każdym wynikiem
Percentyl według liczby udzielonych odpowiedzi
Twoja historia wyników
Nie rozwiązałeś tego quizu